000 00605nam a2200253Ia 4500
003 OSt
005 20221005133516.0
006 a|||||r|||| 00| 0
007 ta
008 221004b |||||||| |||| 00| 0 tel d
024 _a39816
037 _cTextual
040 _aCRL
_cCRL
_btel
041 _2tel
_atel
082 _aY14, 35L7
100 _aVaralakshmi
_9223955
245 0 _aYogayugallo bhartiya mahila
260 _c1997
300 _a640p.
_ccm.
650 _a WOMEN
650 _aSOCIOLOGY
942 _hY14, 35L7
_cTEXL
_2cc
999 _c1067050
_d1067050